00717nam a22001817a 450000500170000002000230001703500130004003700130005310000240006624500720009025000120016226000380017430000250021294200270023799900170026495201230028195201310040420120302142244.0 a1591580617c625.00 aB-168535 aDPLbENG aCates, Jo A.943348 aJournalism :bA guide to the reference literature /cby Jo A. Cates a3rd ed. aLondonbLibraries Unlimitedc2005 axiii, 291p.c20 cms. 2ddccENh070.4016mCAT c63698d63698 001040708NFICaZLSbZLSd2012-03-02g625.00l0o070.4016 CATpB-168537r2012-03-02 00:00:00v625.00w2012-03-02yEN 001040708NFICaYVbYVd2018-10-27eBPPD/PUBg625.00l0o070.4016 CATpB-168541r2018-10-27 00:00:00v625.00w2018-10-27yEN